[Event "DVM U20 2014"]
[Site "Naumburg (Saale) GER"]
[Date "2014.12.30"]
[Round "7"]
[White "Großmann, Dominic"]
[Black "Diller, Daniel"]
[Result "0-1"]
[Termination "normal"]
[Board "7.4"]
[WhiteElo "1904"]
[BlackElo "1872"]
[WhiteTeam "Meuselwitzer SV"]
[BlackTeam "SC Erlangen"]
[PlyCount "94"]
[WhiteFideId "12950017"]
[BlackFideId "12908983"]
[EventCountry "GER"]
[EventRounds "7"]
[EventType "team-swiss"]
[EventDate "2014.12.26"]

1. d4 e6 2. e3 Nf6 3. Nf3 b6 4. c4 Bb7 5. Be2 Bb4+ 6. Bd2 Bxd2+ 7. Nbxd2 d6 8.
O-O O-O 9. Qc2 Nbd7 10. Rad1 Qe7 11. h3 a5 12. e4 e5 13. d5 Nh5 14. Nh2 Nf4 15.
Bf3 Qg5 16. Bg4 Nc5 17. Ndf3 Qh6 18. Rfe1 g6 19. Nf1 Qg7 20. N3h2 h5 21. Bf3
Qf6 22. Ng3 Bc8 23. Ne2 Qg5 24. Nxf4 Qxf4 25. g3 Qg5 26. h4 Qe7 27. Qd2 Kg7 28.
Kh1 f5 29. exf5 Bxf5 30. Qg5 Qxg5 31. hxg5 Bd3 32. b3 e4 33. Be2 Rxf2 34. Bxd3
exd3 35. Re7+ Rf7 36. Rxf7+ Kxf7 37. Kg2 Re8 38. Kf1 Re2 39. Nf3 Rxa2 40. Nd4
Rb2 41. Kg1 d2 42. Rf1+ Ke8 43. Ne6 Nxe6 44. dxe6 Rc2 45. Rd1 Rc1 46. Rxc1
dxc1=Q+ 47. Kg2 Ke7 0-1

[Event "DVM U20 2014"]
[Site "Naumburg (Saale) GER"]
[Date "2014.12.30"]
[Round "7"]
[White "Zhao, Kevin"]
[Black "Uhlig, Jessica"]
[Result "1-0"]
[Termination "normal"]
[Board "7.5"]
[WhiteElo "1907"]
[BlackElo "1276"]
[WhiteTeam "SC Erlangen"]
[BlackTeam "Meuselwitzer SV"]
[PlyCount "81"]
[WhiteFideId "1271884"]
[BlackFideId "16200446"]
[EventCountry "GER"]
[EventRounds "7"]
[EventType "team-swiss"]
[EventDate "2014.12.26"]

1. e4 e5 2. Nf3 Nc6 3. Bb5 d6 4. O-O Nf6 5. Re1 Be7 6. d4 exd4 7. Nxd4 Bd7 8.
Nxc6 Bxc6 9. Bxc6+ bxc6 10. Nc3 O-O 11. Bf4 Re8 12. Qf3 d5 13. exd5 cxd5 14.
Nb5 Bd6 15. Nxd6 Rxe1+ 16. Rxe1 cxd6 17. Bg5 Qa5 18. Qe2 Qd8 19. Bxf6 gxf6 20.
Qg4+ Kh8 21. Qd4 Kg7 22. Qxd5 Rc8 23. c3 Rc5 24. Qd4 Qd7 25. Rd1 Rg5 26. Rd3
Qe6 27. h4 Rg4 28. Qxg4+ Qxg4 29. Rg3 Qxg3 30. fxg3 f5 31. b4 d5 32. Kf2 Kf6
33. Ke3 Ke5 34. a4 a6 35. b5 axb5 36. axb5 Kd6 37. Kd4 f6 38. h5 h6 39. b6 Kc6
40. b7 Kxb7 41. Kxd5 1-0

[Event "DVM U20 2014"]
[Site "Naumburg (Saale) GER"]
[Date "2014.12.30"]
[Round "7"]
[White "Kohl, Natalie"]
[Black "Wegmann, Simon"]
[Result "0-1"]
[Termination "normal"]
[Board "7.6"]
[WhiteElo "1145"]
[BlackElo "1712"]
[WhiteTeam "Meuselwitzer SV"]
[BlackTeam "SC Erlangen"]
[PlyCount "72"]
[WhiteFideId "12967408"]
[BlackFideId "1270758"]
[EventCountry "GER"]
[EventRounds "7"]
[EventType "team-swiss"]
[EventDate "2014.12.26"]

1. e4 e5 2. Nf3 Nc6 3. d4 exd4 4. Nxd4 Qh4 5. Nxc6 Qxe4+ 6. Be3 Qxc6 7. Nc3 Bb4
8. Bd2 Nf6 9. Qe2+ Qe6 10. Qxe6+ dxe6 11. Bd3 O-O 12. O-O-O Bd7 13. f3 a6 14.
a3 Be7 15. Rde1 b5 16. Na2 Rfc8 17. c3 c5 18. Bc2 a5 19. Kb1 Rab8 20. b4 cxb4
21. cxb4 Nd5 22. Bb3 Kf8 23. Rc1 Rxc1+ 24. Rxc1 Rc8 25. Rxc8+ Bxc8 26. Bxd5
exd5 27. bxa5 Bxa3 28. Bb4+ Bxb4 29. Nxb4 Bb7 30. a6 Ba8 31. Kc2 Ke8 32. Kd3
Kd7 33. Kd4 Kc7 34. g4 g5 35. h3 h6 36. Kc5 d4 0-1

[Event "DVM U20 2014"]
[Site "Naumburg (Saale) GER"]
[Date "2014.12.30"]
[Round "7"]
[White "Hobusch, Jan"]
[Black "Eichstaedt, Mirko"]
[Result "1/2-1/2"]
[Termination "normal"]
[Board "8.1"]
[WhiteElo "2183"]
[BlackElo "1999"]
[WhiteTeam "SG Solingen"]
[BlackTeam "USV Potsdam"]
[PlyCount "43"]
[WhiteFideId "12907634"]
[BlackFideId "24692310"]
[EventCountry "GER"]
[EventRounds "7"]
[EventType "team-swiss"]
[EventDate "2014.12.26"]

1. d4 Nf6 2. Bf4 d5 3. e3 g6 4. Nf3 Bg7 5. Be2 O-O 6. O-O b6 7. Nbd2 Bb7 8. h3
c5 9. c3 Nc6 10. a4 Nd7 11. Qb3 e5 12. dxe5 Ndxe5 13. Rfd1 Qe7 14. Nxe5 Nxe5
15. Nf3 Rfd8 16. Nxe5 Bxe5 17. Bxe5 Qxe5 18. Bf3 Rab8 19. Rd2 d4 20. Bxb7 Rxb7
21. Rad1 Rbd7 22. cxd4 1/2-1/2

[Event "DVM U20 2014"]
[Site "Naumburg (Saale) GER"]
[Date "2014.12.30"]
[Round "7"]
[White "Cech, Tim"]
[Black "Zolfagharian, Kevin"]
[Result "1/2-1/2"]
[Termination "normal"]
[Board "8.2"]
[WhiteElo "1803"]
[BlackElo "2144"]
[WhiteTeam "USV Potsdam"]
[BlackTeam "SG Solingen"]
[PlyCount "98"]
[WhiteFideId "1270258"]
[BlackFideId "12933570"]
[EventCountry "GER"]
[EventRounds "7"]
[EventType "team-swiss"]
[EventDate "2014.12.26"]

1. Nf3 d5 2. g3 Nf6 3. Bg2 e6 4. O-O b5 5. d3 Bb7 6. c4 bxc4 7. dxc4 Be7 8. Qb3
Ba6 9. Ne5 O-O 10. cxd5 exd5 11. Nc3 c6 12. Rd1 Qc7 13. Nd3 Bd6 14. Bf4 Nbd7
15. Qa4 Bb7 16. Bxd6 Qxd6 17. Qb4 Qxb4 18. Nxb4 Rfe8 19. e3 Nb6 20. Rac1 Rac8
21. Nd3 Nc4 22. Na4 Rcd8 23. b3 Ne5 24. Nac5 Nxd3 25. Rxd3 Bc8 26. Rdc3 d4 27.
exd4 Rxd4 28. Bxc6 Re2 29. R3c2 Rxc2 30. Rxc2 Bh3 31. Rc1 h5 32. Bg2 Bf5 33. h3
Nd5 34. Bxd5 Rxd5 35. Kg2 Kf8 36. g4 hxg4 37. hxg4 Bxg4 38. Ne4 Rd3 39. Ng3 Rd2
40. Rc4 Be6 41. Ra4 Rd7 42. Kf3 Ke7 43. Ke3 Kd6 44. Ne4+ Kc6 45. Ng5 Bf5 46.
Rf4 Bg6 47. Nf3 f6 48. Rc4+ Kb6 49. Nd4 Re7+ 1/2-1/2

[Event "DVM U20 2014"]
[Site "Naumburg (Saale) GER"]
[Date "2014.12.30"]
[Round "7"]
[White "Neumair, Jerome"]
[Black "Werthmann, Nils"]
[Result "1/2-1/2"]
[Termination "normal"]
[Board "8.3"]
[WhiteElo "2122"]
[BlackElo "1794"]
[WhiteTeam "SG Solingen"]
[BlackTeam "USV Potsdam"]
[PlyCount "65"]
[WhiteFideId "24672637"]
[BlackFideId "1270257"]
[EventCountry "GER"]
[EventRounds "7"]
[EventType "team-swiss"]
[EventDate "2014.12.26"]

1. d4 d5 2. c4 Nc6 3. Nf3 Bg4 4. cxd5 Bxf3 5. gxf3 Qxd5 6. e3 e5 7. Nc3 Bb4 8.
a3 Bxc3+ 9. bxc3 exd4 10. cxd4 O-O-O 11. Rb1 Nf6 12. Bh3+ Kb8 13. Qb3 Qxb3 14.
Rxb3 Rhe8 15. O-O Na5 16. Rb5 Rd5 17. Rxd5 Nxd5 18. e4 Nc3 19. Re1 Nb3 20. Bb2
Nd5 21. Rd1 Nf4 22. Bf1 f6 23. Bc3 Rd8 24. Bc4 Nc5 25. d5 Nd7 26. Kh1 Ne5 27.
Bxe5 fxe5 28. Rg1 Ng6 29. Rg5 a6 30. f4 exf4 31. e5 b5 32. Bb3 Kb7 33. h4
1/2-1/2

[Event "DVM U20 2014"]
[Site "Naumburg (Saale) GER"]
[Date "2014.12.30"]
[Round "7"]
[White "Ender, Paul Marius"]
[Black "Reksten, Daniel"]
[Result "1-0"]
[Termination "normal"]
[Board "8.4"]
[WhiteElo "1555"]
[BlackElo "1895"]
[WhiteTeam "USV Potsdam"]
[BlackTeam "SG Solingen"]
[PlyCount "55"]
[WhiteFideId "12936545"]
[BlackFideId "24692590"]
[EventCountry "GER"]
[EventRounds "7"]
[EventType "team-swiss"]
[EventDate "2014.12.26"]

1. e4 c6 2. d4 d5 3. exd5 cxd5 4. Bd3 Nf6 5. h3 e6 6. Bf4 Be7 7. c3 O-O 8. Nf3
Nbd7 9. Qc2 Re8 10. Ng5 Nf8 11. Nd2 Bd7 12. h4 b5 13. h5 h6 14. Ndf3 Rc8 15.
Nxf7 Kxf7 16. Bg6+ Kg8 17. Ne5 b4 18. Bf7+ Kh8 19. Ng6+ Nxg6 20. hxg6 Bf8 21.
Ke2 bxc3 22. Bxh6 gxh6 23. g7+ Bxg7 24. Qg6 Ng8 25. Rxh6+ Bxh6 26. Rh1 Bb5+ 27.
Ke1 Qf6 28. Rxh6+ 1-0

[Event "DVM U20 2014"]
[Site "Naumburg (Saale) GER"]
[Date "2014.12.30"]
[Round "7"]
[White "Bashylin, Seva"]
[Black "Shevelko, Alexander"]
[Result "1-0"]
[Termination "normal"]
[Board "8.5"]
[WhiteElo "1685"]
[BlackElo "1643"]
[WhiteTeam "SG Solingen"]
[BlackTeam "USV Potsdam"]
[PlyCount "115"]
[WhiteFideId "24688045"]
[BlackFideId "12952125"]
[EventCountry "GER"]
[EventRounds "7"]
[EventType "team-swiss"]
[EventDate "2014.12.26"]

1. d4 e6 2. Nf3 Nf6 3. Bg5 d5 4. e3 Nbd7 5. Bd3 Be7 6. Nbd2 O-O 7. O-O c5 8. c3
b6 9. Ne5 Nxe5 10. dxe5 Nd7 11. Bxe7 Qxe7 12. f4 f6 13. exf6 Nxf6 14. e4 Bb7
15. e5 Nd7 16. Rf3 Qf7 17. Rh3 g6 18. Qg4 Rae8 19. Rf1 c4 20. Bc2 Nc5 21. Qh4
Qe7 22. Qh6 Nd3 23. Bxd3 cxd3 24. Nf3 Qg7 25. Qh4 h5 26. Ng5 Ba6 27. Qf2 Qe7
28. g4 Qc5 29. Qxc5 bxc5 30. gxh5 d2 31. Rd1 Be2 32. Rxd2 Bxh5 33. Rg2 Kh8 34.
Nf3 Kh7 35. Nh4 Kg7 36. Nxg6 Bxg6 37. Rhg3 Rxf4 38. Rxg6+ Kh7 39. R6g3 Rh4 40.
Rg7+ Kh6 41. Rxa7 Re4 42. Rc7 Rf8 43. h3 c4 44. Rcg7 Rxe5 45. Rg8 Rxg8 46. Rxg8
Re2 47. Rb8 Kg5 48. a4 Kh4 49. a5 Kxh3 50. a6 Re1+ 51. Kf2 Ra1 52. Kf3 Rf1+ 53.
Ke3 Ra1 54. Ra8 d4+ 55. Kxd4 Rd1+ 56. Kxc4 Rd7 57. a7 Rh7 58. Kd4 1-0

[Event "DVM U20 2014"]
[Site "Naumburg (Saale) GER"]
[Date "2014.12.30"]
[Round "7"]
[White "Glagau, Lars"]
[Black "Andrä, Philipp"]
[Result "0-1"]
[Termination "normal"]
[Board "8.6"]
[WhiteElo "1441"]
[BlackElo "1869"]
[WhiteTeam "USV Potsdam"]
[BlackTeam "SG Solingen"]
[PlyCount "120"]
[WhiteFideId "16200390"]
[BlackFideId "1271844"]
[EventCountry "GER"]
[EventRounds "7"]
[EventType "team-swiss"]
[EventDate "2014.12.26"]

1. d4 d5 2. c4 e6 3. Nc3 Be7 4. Nf3 Nf6 5. Bg5 O-O 6. e3 h6 7. Bh4 Ne4 8. Bxe7
Qxe7 9. Bd3 Nxc3 10. bxc3 dxc4 11. Bxc4 c6 12. O-O Nd7 13. Qc2 b6 14. Rfd1 Bb7
15. Qe2 Rfd8 16. Rac1 Rab8 17. Bd3 c5 18. c4 Nf6 19. Bc2 Rbc8 20. Rd2 Kf8 21.
Bb3 Rc7 22. Ne5 cxd4 23. exd4 Nd7 24. Nxd7+ Rcxd7 25. Rcd1 Qg5 26. f3 Qf5 27.
Bc2 Qf6 28. Qf2 Qf4 29. Bb3 Qf5 30. Bc2 Qa5 31. Bb3 Qb4 32. Qe3 Ba6 33. Rc1 b5
34. c5 Rxd4 35. Rxd4 Qxd4 36. Qxd4 Rxd4 37. c6 Bc8 38. Rc5 a6 39. Kf2 Rd2+ 40.
Kg3 Ke7 41. h4 Kd6 42. Rc1 a5 43. c7 a4 44. Bc2 Rd5 45. Be4 Rc5 46. Rxc5 Kxc5
47. Kf4 Kd6 48. Ke3 Kxc7 49. Kd4 Kd6 50. a3 Bd7 51. f4 Bc6 52. Bd3 f6 53. Bf1
e5+ 54. fxe5+ fxe5+ 55. Kd3 Kc5 56. Kc3 Bd5 57. g3 Bf3 58. Kd3 e4+ 59. Kc3 e3
60. Kd3 e2 0-1